000
00269nam a22001337a 4500
008
190129b xxu||||| |||| 00| 0 eng d
020
_a
069108
041
_a
eng
080
_a
531
100
_a
43
101
_a
FIZ
245
_a
Physics
_c
Schaim, H
942
_2
udc
_c
BK
999
_c
53876
_d
53876